000 01082cam1a220027700 4500
001 lcf00117854
008 750505s1974 fr b 000 0 fre
010 _a 75505279 //r84
015 _aF***
020 _a2030350249
035 _a(Sirsi) r123618
035 _a(DLC) 75505279 //r84
035 _a(UPRA)lcf00117854
050 0 _aPQ2220.D723
_bZ62
082 _a841/.8
100 1 _aBouche, Claude.
_6A91693.1
245 1 0 _aLautreamont :
_bdu lieu commun a la parodie /
_cpar Claude Bouche.
260 _aParis :
_bLarousse,
_c[1974]
490 0 _aThemes et textes
_6S10235.1
490 0 _aLarousse universite
_6S13635.1
504 _aBibliography: p. 251-253.
600 1 0 _aLautreamont, comte de, 1846-1870 -- Criticism and interpretation.
_cLautreamont, comte de, 1846-1870 -- Criticism and interpretation.
_dLautreamont, comte de, 1846-1870 -- Criticism and interpretation.
_xLautreamont, comte de, 1846-1870 -- Criticism and interpretation.
_6S65651.1
650 0 _aParody.
_6S65236.1
949 _aPQ2220.D723
_wlcc
_i-177742
_mMAIN
_tBOOK
_lON-SHELF
004 123618
999 _c81740
_d81740